000 00685nam a2200205 i 4500
001 29317
003 ES-MaACL
005 20230906154018.0
007 t|
008 030121s1856 sp ||||1| spa d
080 _a821.133.1-31"18"
100 1 _aBalzac, Honoré de,
_d1799-1850
_925139
245 1 3 _aEl excomulgado o La víctima de unos frailes /
_cnovela escrita en francés por Honorato Balzac ; traducida por B. M. Araque.
260 _aMadrid :
_bMauini Hermanos,
_c1856.
300 _a396 p. ;
_c22 cm.
700 1 _aAraque, Blas María.
_922343
740 3 _aLa víctima de unos frailes.
852 _aES-MaACL
_jE-13070
_z.- Legado M. de la Fuente
999 _c29317
_d29317